Flow through open channels (Record no. 11092)

000 -LEADER
fixed length control field 00492nam a22001937a 4500
001 - CONTROL NUMBER
control field 11092
003 - CONTROL NUMBER IDENTIFIER
control field BD-DhUET
008 - FIXED-LENGTH DATA ELEMENTS--GENERAL INFORMATION
fixed length control field 150214b xxu||||| |||| 00| 0 eng d
040 ## - CATALOGING SOURCE
Original cataloging agency DLC
Transcribing agency DLC
Modifying agency BD-DhUET
082 ## - DEWEY DECIMAL CLASSIFICATION NUMBER
Classification number 627.01
Item number RAJ/1981
100 ## - MAIN ENTRY--PERSONAL NAME
Personal name Raju, K G Ranga
245 ## - TITLE STATEMENT
Title Flow through open channels
250 ## - EDITION STATEMENT
Edition statement Ist ed.
260 ## - PUBLICATION, DISTRIBUTION, ETC. (IMPRINT)
Place of publication, distribution, etc. New Delhi
Name of publisher, distributor, etc. Tata Mcgraw Hill
Date of publication, distribution, etc. 1981
300 ## - PHYSICAL DESCRIPTION
Extent x, 330p.
Other physical details illus.
504 ## - BIBLIOGRAPHY, ETC. NOTE
Bibliography, etc Includes bibliographies
650 #0 - SUBJECT ADDED ENTRY--TOPICAL TERM
Topical term or geographic name as entry element Open channel flow
942 ## - ADDED ENTRY ELEMENTS (KOHA)
Koha item type General Book
Holdings
Piece designation (barcode) Koha full call number Koha issues (times borrowed) Damaged status Price effective from Koha date last borrowed Withdrawn status Not for loan Date acquired Sublocation or collection (holding branch) Koha item type Shelving location Koha date last seen Lost status Location (home branch) Koha normalized classification for sorting Copy number Source of classification or shelving scheme
57607627.01/RAJ/1981  2015-02-14   2015-02-14Central Library, BUETGeneral BookCirculation section2017-05-27 Central Library, BUET627_010000000000000_RAJ_19811 
56714627.01/RAJ/1981  2015-02-23   2015-02-23Central Library, BUETGeneral BookCirculation section2015-02-23 Central Library, BUET627_010000000000000_RAJ_19812 
56715627.01/RAJ/19811 2015-02-232018-01-27  2015-02-23Central Library, BUETGeneral BookCirculation section2018-02-03 Central Library, BUET627_010000000000000_RAJ_19813 
77612627.01/RAJ/19811 2015-02-232018-07-17  2015-02-23Central Library, BUETGeneral BookCirculation section2025-04-22 Central Library, BUET627_010000000000000_RAJ_19814